| 000 | 00354nam a2200145 4500 | ||
|---|---|---|---|
| 999 |
_c10634 _d10634 |
||
| 003 | OSt | ||
| 005 | 20220505125904.0 | ||
| 008 | 220505b ||||| |||| 00| 0 eng d | ||
| 020 | _a0823073009 | ||
| 082 | _a747.294 | ||
| 245 | _aInteriors for today | ||
| 250 | _aMagnani, Franco (ed.) | ||
| 260 |
_a London & New York _b Studio Vista _c1975 |
||
| 942 | _2ddc | ||